Interactions access : A listening/speaking book /

This program consists of four texts and a variety of supplemental materials for beginning to high-beginning students seeking to improve their English language skills.

Gardado en:
Detalles Bibliográficos
Autor Principal: Thrush, Emily Austin.
Outros autores: Baldwin, Robert., Blass, Laurie.
Formato: Libro
Idioma:English
Publicado: USA : McGraw-Hill, 1997.
Những chủ đề:
Các nhãn: Engadir etiqueta
Sen Etiquetas, Sexa o primeiro en etiquetar este rexistro!
Thư viện lưu trữ: Mạng thư viện Đại học Đà Nẵng
LEADER 01094cam a2200361 i 4500
001 000043283
003 1224
005 20030123083921.0
008 010217|1997 vm 000 eng
020 |a 0071157441 :  |c 107000 
022 |a T 
040 |a IRC  |c IRC  |d IRC 
041 0 |a eng 
082 1 4 |a 428.34  |b TH-E 
100 1 |a Thrush, Emily Austin. 
245 0 0 |a Interactions access :  |b A listening/speaking book /  |c Emily Austin Thrush, Robert Baldwin, Laurie Blass. 
260 |a USA :  |b McGraw-Hill,  |c 1997. 
300 |a 215p. ;  |c 23cm. 
520 3 |a This program consists of four texts and a variety of supplemental materials for beginning to high-beginning students seeking to improve their English language skills. 
630 0 4 |a English language. 
650 0 4 |a English language. 
700 1 |a Baldwin, Robert. 
700 1 |a Blass, Laurie. 
OWN |a DUT 
999 |a From the UDN01 
TYP |a Monograph 
TYP |a Printed language 
980 |a Mạng thư viện Đại học Đà Nẵng